Préfectures et sous-préfectures d'Île-de-France - Statistiques

Statistiques générales
  • Ce quiz a été pris 521 fois
    505 depuis la dernière actualisation
  • Le résultat moyen est 16 sur 26
Statistiques - réponses
Réponse % Correct
Paris
95%
Versailles
94%
Nanterre
90%
Créteil
87%
Saint-Denis
86%
Cergy
84%
Melun
83%
Bobigny
82%
Meaux
71%
Évry-Courcouronnes
69%
Boulogne-Billancourt
63%
Pontoise
60%
Fontainebleau
58%
Argenteuil
57%
Antony
52%
Sarcelles
51%
Mantes-la-Jolie
50%
Étampes
49%
Rambouillet
46%
Saint-Germain-en-Laye
44%
Palaiseau
42%
Provins
35%
Torcy
35%
L'Haÿ-les-Roses
34%
Nogent-sur-Marne
32%
Le Raincy
31%
Aucun quiz correspondant
Distribution des résultats
% des personnes avec chaque résultat
Percentile par nombre de réponses
Votre historique - résultats
Vous n’avez pas pris ce quiz depuis la dernière actualisation